000 00470 a2200157 4500
999 _c41586
_d41586
003 OSt
005 20221003153203.0
008 221003b ||||| |||| 00| 0 eng d
040 _coclc
082 _a641.8653
_bEDM/C
100 _99163
_aEdmund B I
245 _aCake making /
_cEdmund B I, James Stewai, G S T Barr
260 _aLondon:
_bLeonard Hill Books,
_c1966.
300 _a346 pages
942 _2ddc
_cBK
_h641.8653
_iEDM/C
_k641.8653
_mEDM/C